000 00211nam a2200109Ia 4500
100 _aLOUIS AUCHINCLOSS.
942 _cBK
245 _aTHE RECTOR OF JUSTIN.
260 _b#N/A
546 _aENGLISH
999 _c35448
_d35448